| 000 | 00748nam a22002057a 4500 | ||
|---|---|---|---|
| 008 | 230413b ||||| |||| 00| 0 eng d | ||
| 020 | _a9781451193558 | ||
| 050 |
_aR729.8 _b.W34 2016 |
||
| 245 |
_aThe Washington manual of patient safety and quality improvement / _cedited by Emily Fondahn, Michael Lane, Andrea Vannucci. |
||
| 246 | _aManual of patient safety and quality improvement | ||
| 260 |
_aPhiladelphia : _bWolters Kluwer; _cc2016. |
||
| 300 |
_axxiii, 366. : _bill; _c21 cm |
||
| 505 | _aIncludes bibliographical references and index. | ||
| 650 | _2Patient Safety | ||
| 650 | _2Quality Improvement | ||
| 700 | _aFondahn, Emily, | ||
| 700 |
_aLane, Michael _q(Michael Andrew) |
||
| 700 | _aVannucci, Andrea, | ||
| 942 |
_2lcc _cBK |
||
| 999 |
_c58601 _d58601 |
||